1062 1577 1663 1096 1491 1536 1706 1475 1920 1288 1870 1449 1280 1275 1339 1104 1023 1368 1499 1169 1474 1469 1373 1915 1686 1893 1399 1261 1256 1899 1104 1997 1686 1814 1830 1175 1688 1484 1588 1355 1602 1830 1589 1680 1628 1440 1583 1861 1801 1453 1657 1934 1272 1406 1816 1134 1009 1418 1055 1444 1677 1416 1321 1528 1951 1752 1610 1952 1103 1744 1119 1337 1842 1728 1854 1580 1056 1792 1272 1500 1301 1831 1938 1795 1140 1961 1415 1389 1054 1153 1289 1439 1730 1723 1550 1225 1475 1764 1839 BCNSPRNW ULIB Ver.6.0+V

เปลี่ยนเป็นภาษาไทย

Change to English
 แสดงรายละเอียดบรรณานุกรม
  กลับหน้าหลัก

Brief Record : Get Marc (ISO 2709) : E-mail record : QR code < ปิดหน้าต่าง
LEADER : 00000nam 2200000uu 4500
001    13399107984
003     ULIB
008    110213s2543||||th 000 0 tha d
020    9745893757 (pbk.)
060 04 WY160^bอ689ก 2543
100 0  อำไพวรรณ พุ่มศรีสวัสดิ์
245 10 การพยาบาลจิตเวชและสุขภาพจิต :^bแนวการปฏิบัติตามพยาธิสภาพ /^cอำไพวรรณ พุ่มศรีสวัสดิ์
246 30 แนวการปฏิบัติตามพยาธิสภาพ
260    กรุงเทพ :^bโครงการตำราภาควิชาพยาบาลศาสตร์คณะแพทยศาสตร์โรงพยาบาลรามาธิบดี มหาวิทยาลัยมหิดล,^c2543
300    327 หน้า ;^c26 ซม.
536 ตำ รานี้จัดพิมพ์เผยแพร่โดยได้รับความสนับสนุนจากโครงการตำราภาควิชาพยาบาลศาสตร์ คณะแพทยศาสตร์โรงพยาบาลรามาธิบดี มหาวิทยาลัยมหิดล
650  2 Psychiatric Nursing
650  2 การพยาบาลจิตเวชศาสตร์
710 2  มหาวิทยาลัยมหิดล. ^bคณะแพทยศาสตร์โรงพยาบาลรามาธิบดี.^bโครงการตำราภาควิชาพยาบาลศาสตร์
945    ^p200^l0^i021132
945    ^p200^l0^i021131
945    ^p200^l0^i021130
945    ^p200^l0^i021129
945    ^p200^l0^i014403
945    ^p200^l0^i014401
945    ^p200^l0^i014400
945    ^p200^l0^i014399
945    ^p200^l0^i014108
945    ^p200^l0^i014107
945    ^p200^l0^i014033
945    ^p200^l0^i014032
945    ^p200^l0^i014402
945    ^p200^l0^i014398
945    ^p200^l0^i014031
995    เกษร
999 ^a ใช้งานได้ทุกระบบ
รายการนี้ยังไม่มีแท็ก
คุณยังไม่ได้ล็อกอิน คุณสามารถมีกิจกรรมร่วมกับเว็บไซต์ได้ แต่ต้องล็อกอินก่อน ::
  ล็อกอิน

รายการสื่อสารสนเทศ

ลำดับที่ ประเภท เลขเรียก/บาร์โค้ด สถานที่ สถานะ
- ไม่พบข้อมูล -

รายการใกล้เคียง
    หัวเรื่อง [Psychiatric Nursing]
    หัวเรื่อง [การพยาบาลจิตเวชศาสตร์]

BibComment


ยังไม่เคยถูกคอมเมนท์

คอมเมนท์ทรัพยากรรายการนี้
  คอมเมนท์: การพยาบาลจิตเวชแล..


 Copyright 2026. Bcnsprnw @Library